[Event "SUI-chT"]
[Site "Switzerland"]
[Date "2024.08.24"]
[Round "6.7"]
[White "Hakimifard, Ghazal"]
[Black "Haag, Gregor"]
[Result "1/2-1/2"]
[WhiteElo "2247"]
[BlackElo "2350"]
[PlyCount "82"]
[EventDate "2024.03.10"]
[EventType "team-tourn"]
[EventRounds "9"]
[EventCountry "SUI"]
[SourceTitle "EXT 2025"]
[Source "ChessBase"]
[SourceDate "2024.10.14"]
[SourceVersion "1"]
[SourceVersionDate "2024.10.14"]
[SourceQuality "1"]
[WhiteTeam "Luzern"]
[BlackTeam "Riehen"]
[WhiteTeamCountry "SUI"]
[BlackTeamCountry "SUI"]

1. e4 c5 2. Nf3 a6 3. c3 d5 4. exd5 Qxd5 5. d4 e6 6. Be2 Nf6 7. 0-0 Nc6 8. Bg5 cxd4 9. Bxf6 gxf6 10. Nxd4 Bd7 11. Bf3 Qd6 12. Nxc6 Bxc6 13. Qxd6 Bxd6 14. Bxc6+ bxc6 15. Nd2 0-0-0 16. Rfd1 f5 17. g3 Rhg8 18. Kf1 Bc7 19. Nc4 Rd5 20. f4 h5 21. Ne3 Rb5 22. Nc4 Rd5 23. Ke2 h4 24. Kf3 Rh8 25. Ne3 Rb5 26. Rd2 Bb6 27. Nc4 Bc7 28. Rad1 Rd5 29. Ne3 Rxd2 30. Rxd2 f6 31. Re2 Rh5 32. Nc4 Kd7 33. b4 hxg3 34. hxg3 Rh1 35. Rd2+ Ke7 36. Ne3 Rc1 37. Rc2 Rh1 38. Re2 Kd7 39. Rd2+ Ke7 40. Re2 Kd7 41. Rd2+ Ke7 1/2-1/2

[Event "SUI-chT"]
[Site "Switzerland"]
[Date "2024.03.10"]
[Round "1.7"]
[White "Wyss, Jonas"]
[Black "Haag, Gregor"]
[Result "1/2-1/2"]
[WhiteElo "2293"]
[BlackElo "2350"]
[PlyCount "154"]
[EventDate "2024.03.10"]
[EventType "team-tourn"]
[EventRounds "9"]
[EventCountry "SUI"]
[SourceTitle "CBM 220 Extra"]
[Source "ChessBase"]
[SourceDate "2024.07.31"]
[SourceVersion "1"]
[SourceVersionDate "2024.07.31"]
[SourceQuality "1"]
[WhiteTeam "Reti"]
[BlackTeam "Riehen"]
[WhiteTeamCountry "SUI"]
[BlackTeamCountry "SUI"]

1. e4 c5 2. Nc3 Nc6 3. Bb5 Nd4 4. Nf3 e6 5. 0-0 a6 6. Bd3 Nxf3+ 7. Qxf3 Qc7 8. Qg3 Qxg3 9. hxg3 d6 10. Ne2 b5 11. c3 Bb7 12. a4 c4 13. Bc2 Nf6 14. axb5 axb5 15. Rxa8+ Bxa8 16. d3 Kd7 17. Be3 Ng4 18. Nd4 Be7 19. Nxb5 cxd3 20. Bxd3 Ne5 21. Ra1 Rb8 22. Ba7 Rc8 23. Bc2 Bc6 24. Nd4 Ra8 25. f4 Nc4 26. Nxc6 Kxc6 27. Bd3 Nxb2 28. Be2 Kb7 29. Rb1 Rxa7 30. Rxb2+ Kc7 31. Kf2 Ra3 32. Rc2 Kc6 33. Ke3 Bd8 34. Kd4 Bb6+ 35. Kd3 Ra1 36. Bf3 Kc7 37. c4 Re1 38. Re2 Rd1+ 39. Rd2 Re1 40. Re2 Rd1+ 41. Rd2 Ra1 42. Rc2 Bg1 43. g4 Bh2 44. f5 Ra5 45. Kc3 Be5+ 46. Kb3 Rc5 47. Ra2 Kb7 48. Ra4 Rc8 49. Rb4+ Kc6 50. Ra4 Rc7 51. Kc2 Rb7 52. Ra3 Kc5 53. Kd3 Rb2 54. Ra5+ Kb6 55. Ra8 Rb3+ 56. Kd2 Kc5 57. Ra7 Kd4 58. Rxf7 exf5 59. exf5 Rb2+ 60. Kc1 Kd3 61. Ra7 Rf2 62. Ra3+ Bc3 63. Kb1 Rb2+ 64. Kc1 Rf2 65. Kb1 Rf1+ 66. Ka2 Re1 67. Kb3 Rb1+ 68. Ka4 Rb4+ 69. Ka5 Rb3+ 70. Ka4 Rb4+ 71. Ka5 Kxc4 72. Ra4 d5 73. Be2+ Kc5 74. Rxb4 Bxb4+ 75. Ka4 Be1 76. Kb3 Kd4 77. Bf3 h6 1/2-1/2

[Event "SUI-chT"]
[Site "Switzerland"]
[Date "2023.10.15"]
[Round "9.5"]
[White "Schlegel, Igor"]
[Black "Haag, Gregor"]
[Result "0-1"]
[WhiteElo "2289"]
[BlackElo "2295"]
[PlyCount "106"]
[EventDate "2023.04.16"]
[EventType "team-tourn"]
[EventRounds "9"]
[EventCountry "SUI"]
[SourceTitle "EXT 2025"]
[Source "ChessBase"]
[SourceDate "2024.10.14"]
[SourceVersion "1"]
[SourceVersionDate "2024.10.14"]
[SourceQuality "1"]
[WhiteTeam "Winterthur"]
[BlackTeam "Riehen"]
[WhiteTeamCountry "SUI"]
[BlackTeamCountry "SUI"]

1. e4 c5 2. Nf3 d6 3. d4 cxd4 4. Nxd4 Nf6 5. Nc3 Nc6 6. Bg5 e6 7. Qd2 a6 8. 0-0-0 Bd7 9. f3 Nxd4 10. Qxd4 Be7 11. h4 Qc7 12. Kb1 b5 13. g4 0-0 14. Qd2 b4 15. Ne2 Rfc8 16. Be3 a5 17. Nd4 a4 18. Bd3 Qb7 19. h5 Ne8 20. g5 b3 21. cxb3 axb3 22. Nxb3 Ra4 23. Bc2 Rb8 24. e5 Bb5 25. g6 Bc4 26. Bd4 d5 27. h6 fxg6 28. hxg7 Bb4 29. Qg5 Qxg7 30. Qg4 Ra6 31. Rdg1 Rb7 32. Rxh7 Qxh7 33. Bxg6 Qg7 34. Qh5 Kf8 35. Be3 Qg8 36. Bxe8 Qh7+ 37. Qxh7 Rxh7 38. Bg6 Rh2 39. Bc2 Kf7 40. a3 Bf8 41. Nc5 Bxc5 42. Bxc5 Ra5 43. Bd6 Ra7 44. b3 Rb7 45. Bb4 Be2 46. f4 Rf2 47. Bg6+ Kg8 48. Bf5+ Kf7 49. Bg6+ Kg8 50. Bc5 Rh2 51. b4 Rg7 52. a4 Kh8 53. Bf8 Rxg6 0-1

[Event "Oberliga Baden 2324"]
[Site "Germany"]
[Date "2023.09.17"]
[Round "1.3"]
[White "Doll, Alexander"]
[Black "Haag, Gregor"]
[Result "0-1"]
[WhiteElo "2193"]
[BlackElo "2323"]
[PlyCount "108"]
[EventDate "2023.09.17"]
[EventType "team-tourn"]
[EventRounds "9"]
[EventCountry "GER"]
[SourceTitle "EXT 2025"]
[Source "ChessBase"]
[SourceDate "2024.10.14"]
[SourceVersion "1"]
[SourceVersionDate "2024.10.14"]
[SourceQuality "1"]
[WhiteTeam "Untergrombach"]
[BlackTeam "Brombach"]
[WhiteTeamCountry "GER"]
[BlackTeamCountry "GER"]

1. e4 c5 2. Nf3 d6 3. d4 cxd4 4. Nxd4 Nf6 5. Nc3 Nc6 6. Bg5 e6 7. Qd3 Be7 8. f4 0-0 9. 0-0-0 Qb6 10. Nxc6 bxc6 11. e5 dxe5 12. fxe5 Rd8 13. Qh3 Rxd1+ 14. Nxd1 Nd5 15. Bxe7 Nxe7 16. Bd3 g6 17. Rf1 Ba6 18. Rxf7 Kxf7 19. Qxh7+ Ke8 20. Qh8+ Kd7 21. Qxa8 Bxd3 22. cxd3 Nc8 23. h4 Kc7 24. a3 Qd4 25. Kc2 Qg1 26. b4 Qxg2+ 27. Kb3 Qd5+ 28. Kb2 Qg2+ 29. Kb3 Qd5+ 30. Kb2 Qxd3 31. Nc3 Qd4 32. Kb3 Qxe5 33. a4 Qd4 34. b5 Qb6 35. a5 Qc5 36. bxc6 Qxc6 37. Qxc6+ Kxc6 38. Kc4 e5 39. Kd3 Nd6 40. Ke3 Kc5 41. a6 Kc4 42. Ne4 Nf5+ 43. Kd2 Kd4 44. Nc3 Nd6 45. Ne2+ Ke4 46. h5 gxh5 47. Ng3+ Kf3 48. Nxh5 Ne8 49. Kd3 Kg4 50. Ke4 Kxh5 51. Kxe5 Nc7 52. Kd6 Nxa6 53. Kc6 Nb8+ 54. Kb7 a5 0-1